000 00744nam a22001937a 4500
005 20251108165245.0
008 250721s1996 xx 000 0 ara d
082 1 4 _a956.402/صال
100 1 _aصالح، محسن محمد
245 1 0 _aالقوات العسكريه و الشرطه في فلسطين ودورها في تنفيذ السياسه البريطانيه 1917 - 1939 /
264 1 _aعمان :
_bدار النفائس للنشر و التوزيع،
_c1996.
300 _a695ص.
650 1 7 _aفلسطين
650 1 7 _aالإنتداب البريطاني على فلسطين 1948-1918
650 1 7 _aالثورة الفلسطينيه1936-1939
650 1 7 _aالقوات المسلحه
942 _2ddc
_cBK
999 _c23419
_d23419